| 000 | 00000nas 2200000za 4500 |
| 001 | 9.864489 |
| 003 | CaOODSP |
| 005 | 20221107161544 |
| 007 | cr ||||||||||| |
| 008 | 181108d19601982oncar p oss f000#b0fre| |
| 022 | # |y0316-3946 |
| 040 | |aCaOODSP|bfre |
| 041 | |aeng|afre |
| 043 | |an-cn--- |
| 086 | 1 |aCS35-206-PDF |
| 130 | 0 |aVeneer and plywood mills (Final) |
| 245 | 00|aVeneer and plywood mills |h[ressource électronique] = |bUsines de placage et contreplaqué. |
| 246 | 11|aUsines de placage et contreplaqué |
| 246 | 13|aFabriques de placages et contreplaqués |f1961-1969 |
| 246 | 13|aFabriques de placages et de contre-plaqués |f1970-1982 |
| 260 | |aOttawa : |bDominion Bureau of Statistics, Industry and Merchandising Division = Bureau fédéral de la statistique, Division de l'industrie et du commerce, |c1962-1984. |
| 300 | |a23 v. |
| 310 | |aAnnuel |
| 362 | 0 |a1960-1982. |
| 490 | 0 |aAnnual census of manufactures = Recensement annuel des manufactures |
| 500 | |aLégère(s) variantes dans le titre parallèle. |
| 500 | |aÉdition numérisée de l’imprimé [par Statistique Canada] |
| 546 | |aTexte en anglais et en français. |
| 550 | |aPublié 1962-1964 par la Division de l'industrie; 1965-1969, par la Division des industries manufacturières et primaires; 1970-1978, par Statistique Canada, Division des industries manufacturières et primaires; 1979-1982 par la Section des machines, du bois et des produits en métal. |
| 580 | |aFait suite à : The veneer and plywood industry. |
| 580 | |aSuivi de : Veneer and plywood industries. |
| 692 | 07|2gccst|aIndustrie du bois |
| 710 | 1 |aCanada. |bBureau fédéral de la statistique. |bDivision de l'industrie et du commerce. |
| 710 | 1 |aCanada. |bBureau fédéral de la statistique. |bDivision de l'industrie. |
| 710 | 1 |aCanada. |bBureau fédéral de la statistique. |bDivision des industries manufacturières et primaires. |
| 710 | 1 |aCanada. |bStatistique Canada. |bSection des machines, du bois et des produits en métal. |
| 710 | 1 |aCanada. |bStatistique Canada. |bDivision des industries manufacturières et primaires. |
| 780 | 00|tThe veneer and plywood industry |w(CaOODSP)9.864464 |
| 785 | 00|tVeneer and plywood industries |w(CaOODSP)9.864494 |
| 791 | |tVeneer and plywood mills |eeng|w(CaOODSP)9.864482 |